| 000 | 00956nam a2200181 i 4500 | ||
|---|---|---|---|
| 001 | 37511 | ||
| 003 | ES-MaACL | ||
| 005 | 20230906155605.0 | ||
| 007 | t| | ||
| 008 | 030313s1870 sp ||||1| spa d | ||
| 245 | 0 | 0 |
_aEstatutos para el régimen de los Colegios de Abogados del Reino _b: con los decretos y reales órdenes que los aclaran, modifican o derogan : precedidos de una reseña histórica sobre el Colegio de Madrid... y seguidos de una reseña histórica y de las constituciones de la Academia Matritense de Jurisprudencia y Legislación. |
| 250 |
_a2ª ed. corr. y aum. _bcon un apéndice de las disposiciones publicadas hasta fin del año 1870. |
||
| 260 |
_aMadrid : _bRevista General de Legislación y Jurisprudencia, _c1870. |
||
| 300 |
_a77 p. ; _c20 cm. |
||
| 710 | 2 |
_aColegio de Abogados de Madrid. _92891 |
|
| 710 |
_aAcademia Matritense de Jurisprudencia y Legislación. _91204 |
||
| 852 |
_aES-MaACL _jL-4902(9-5) |
||
| 999 |
_c37511 _d37511 |
||